| 000 | 00396nam a2200157Ia 4500 | ||
|---|---|---|---|
| 008 | 240322s2024 xx 000 0 und d | ||
| 020 | _a9788131269098 | ||
| 041 | _aeng | ||
| 082 | _a616.0757,YUC | ||
| 100 | _aYUCEL A., MIKIDDIE F., PRESCOTT S. . | ||
| 245 | _aFAR'S PHYSICS FOR MEDICAL IMAGING / | ||
| 250 | _a3 | ||
| 260 |
_bELSEVIER2024 _c2024 |
||
| 562 | _e1 | ||
| 999 |
_c1151432 _d1151432 |
||
| 650 | _aRADIOLOGY | ||